[Event "Gent (Women) op"]
[Site "Gent"]
[Date "2024.01.06"]
[Round "6"]
[White "Barbier, Wiebke"]
[Black "Vincent, Ayla"]
[Result "1-0"]
[WhiteElo "1929"]
[BlackElo "1739"]
[PlyCount "67"]
[EventDate "2024.01.03"]
[EventType "swiss"]
[EventRounds "7"]
[EventCountry "BEL"]
[SourceTitle "CBM 218 Extra"]
[Source "ChessBase"]
[SourceDate "2024.03.31"]
[SourceVersion "1"]
[SourceVersionDate "2024.03.31"]
[SourceQuality "1"]

1. e4 c5 2. Be2 Nc6 3. d3 g6 4. f4 Bg7 5. Nf3 d6 6. 0-0 e6 7. c3 Nge7 8. Be3 Bd7 9. d4 cxd4 10. cxd4 d5 11. e5 Bh6 12. Qd2 Qb6 13. Nc3 Rc8 14. Rac1 0-0 15. g4 Na5 16. b3 Rc7 17. Bd3 Rfc8 18. Rc2 Kh8 19. Rfc1 Qb4 20. h4 b6 21. Qe1 Nac6 22. Nb5 Qxe1+ 23. Nxe1 Kg8 24. Nxc7 Rxc7 25. b4 Rb7 26. b5 Nb4 27. Rc7 Rxc7 28. Rxc7 Nxd3 29. Rxd7 Nxe1 30. Rxe7 Nc2 31. Kf2 Na3 32. Rxa7 Nxb5 33. Ra8+ Bf8 34. f5 1-0

[Event "Gent (Women) op"]
[Site "Gent"]
[Date "2024.01.04"]
[Round "3"]
[White "Barbier, Wiebke"]
[Black "Vandekerckhove, Ava"]
[Result "0-1"]
[WhiteElo "1929"]
[BlackElo "1585"]
[PlyCount "59"]
[EventDate "2024.01.03"]
[EventType "swiss"]
[EventRounds "7"]
[EventCountry "BEL"]
[SourceTitle "CBM 218 Extra"]
[Source "ChessBase"]
[SourceDate "2024.03.31"]
[SourceVersion "1"]
[SourceVersionDate "2024.03.31"]
[SourceQuality "1"]

1. e4 c5 2. Be2 Nc6 3. d3 g6 4. f4 d6 5. Nf3 Bg7 6. 0-0 e6 7. c3 Nge7 8. Be3 0-0 9. d4 cxd4 10. cxd4 d5 11. e5 Bd7 12. Nc3 a6 13. Bf2 b5 14. h4 Na5 15. b3 b4 16. Nb1 Qb6 17. h5 Bb5 18. Nbd2 Bxe2 19. Qxe2 Rac8 20. Rac1 Rc6 21. Rxc6 Naxc6 22. Rc1 Na7 23. g4 Nb5 24. Kh2 a5 25. Rc5 Nc3 26. Qf1 Rc8 27. hxg6 fxg6 28. Qc1 Qa6 29. Nb1 Qe2 30. Nxc3 0-1

[Event "Gent (Women) op"]
[Site "Gent"]
[Date "2024.01.03"]
[Round "1"]
[White "Barbier, Wiebke"]
[Black "Vermeulen, Hailey"]
[Result "1-0"]
[WhiteElo "1929"]
[BlackElo "1287"]
[PlyCount "77"]
[EventDate "2024.01.03"]
[EventType "swiss"]
[EventRounds "7"]
[EventCountry "BEL"]
[SourceTitle "CBM 218 Extra"]
[Source "ChessBase"]
[SourceDate "2024.03.31"]
[SourceVersion "1"]
[SourceVersionDate "2024.03.31"]
[SourceQuality "1"]

1. e4 c5 2. Be2 d6 3. f4 Nc6 4. d3 Nf6 5. Nf3 g6 6. 0-0 Bg7 7. c3 0-0 8. Qe1 e5 9. Qh4 Nh5 10. Qxd8 Rxd8 11. fxe5 dxe5 12. Bg5 f6 13. Be3 Nf4 14. Bxf4 exf4 15. Nbd2 Ne5 16. d4 Nxf3+ 17. Nxf3 cxd4 18. Bc4+ Kh8 19. cxd4 Rd6 20. Rac1 Be6 21. d5 Bd7 22. Bb3 Bb5 23. Rfe1 Rad8 24. Rc7 Ba6 25. Rec1 h6 26. Nd4 Kh7 27. Re7 R6d7 28. Rc7 Rxe7 29. Rxe7 Rc8 30. h3 Kh8 31. Ne6 Bf8 32. Nxf8 Rxf8 33. Kf2 g5 34. Kf3 h5 35. Rc7 Re8 36. d6 Bd3 37. d7 Bxe4+ 38. Kf2 Rd8 39. Rc8 1-0

[Event "Olympiad Women-44"]
[Site "Chennai"]
[Date "2022.07.30"]
[Round "2.4"]
[White "Nurgali, Nazerke"]
[Black "Barbier, Wiebke"]
[Result "1-0"]
[WhiteElo "2181"]
[BlackElo "1970"]
[PlyCount "37"]
[EventDate "2022.07.29"]
[EventType "team-swiss"]
[EventRounds "11"]
[EventCountry "IND"]
[SourceTitle "CBM 210"]
[Source "ChessBase"]
[SourceDate "2022.10.31"]
[SourceVersion "1"]
[SourceVersionDate "2022.10.31"]
[SourceQuality "1"]
[WhiteTeam "Kazakhstan (W)"]
[BlackTeam "Belgium (W)"]
[WhiteTeamCountry "KAZ"]
[BlackTeamCountry "BEL"]

1. d4 d5 2. Nf3 e6 3. Bf4 Nf6 4. e3 Be7 5. Bd3 0-0 6. 0-0 c5 7. c3 b6 8. Nbd2 Bb7 9. Qe2 Nbd7 10. a4 Nh5 11. Ne5 Nxf4 12. exf4 cxd4 13. cxd4 Nb8 14. Rfc1 Qd6 15. Rc3 Nc6 16. Bxh7+ Kh8 17. Qh5 g6 18. Bxg6+ Kg7 19. Qh7+ 1-0

[Event "EU-chT (Women) 23rd"]
[Site "Terme Catez"]
[Date "2021.11.21"]
[Round "9.2"]
[White "Machlik, Monika"]
[Black "Barbier, Wiebke"]
[Result "1-0"]
[WhiteElo "2096"]
[BlackElo "1964"]
[PlyCount "55"]
[EventDate "2021.11.12"]
[EventType "team-swiss"]
[EventRounds "9"]
[EventCountry "SLO"]
[SourceTitle "CBM 205"]
[Source "ChessBase"]
[SourceDate "2021.12.31"]
[SourceVersion "1"]
[SourceVersionDate "2021.12.31"]
[SourceQuality "1"]
[WhiteTeam "Norway (W)"]
[BlackTeam "Belgium (W)"]
[WhiteTeamCountry "NOR"]
[BlackTeamCountry "BEL"]

1. d4 d6 2. Nf3 Bg4 3. e4 Nf6 4. Nc3 e6 5. h3 Bh5 6. Qe2 c6 7. g4 Bg6 8. h4 h5 9. g5 Nfd7 10. Bh3 Be7 11. 0-0 d5 12. Re1 dxe4 13. Nxe4 0-0 14. Bf4 Nb6 15. Bh2 Na6 16. a3 Nc7 17. Ne5 Bxe4 18. Qxe4 Nb5 19. Nxf7 Qxd4 20. Bxe6 Qxe4 21. Rxe4 g6 22. a4 Nc3 23. Nh6+ Kh7 24. bxc3 Bc5 25. Bg3 Rae8 26. Rd1 Nxa4 27. Rd7+ Kh8 28. Be5+ 1-0

[Event "EU-chT (Women) 23rd"]
[Site "Terme Catez"]
[Date "2021.11.18"]
[Round "6.2"]
[White "Barbier, Wiebke"]
[Black "Hapala, Elisabeth"]
[Result "0-1"]
[WhiteElo "1964"]
[BlackElo "2139"]
[PlyCount "66"]
[EventDate "2021.11.12"]
[EventType "team-swiss"]
[EventRounds "9"]
[EventCountry "SLO"]
[SourceTitle "CBM 205"]
[Source "ChessBase"]
[SourceDate "2021.12.31"]
[SourceVersion "1"]
[SourceVersionDate "2021.12.31"]
[SourceQuality "1"]
[WhiteTeam "Belgium (W)"]
[BlackTeam "Austria (W)"]
[WhiteTeamCountry "BEL"]
[BlackTeamCountry "AUT"]

1. e4 c5 2. Be2 Nc6 3. d3 d5 4. exd5 Qxd5 5. Nf3 e5 6. Nc3 Qd8 7. 0-0 Nf6 8. Bg5 Be7 9. h3 Be6 10. Re1 0-0 11. Bh4 Nd5 12. Bxe7 Qxe7 13. Qd2 f6 14. Ne4 Nf4 15. c3 Rad8 16. Qc2 Rd7 17. Bf1 Rfd8 18. Rad1 Rd5 19. Rd2 b6 20. Kh2 Qf7 21. b3 Qh5 22. Ng3 Qh6 23. Red1 Bg4 24. a3 Nxh3 25. gxh3 Bxf3 26. Bg2 Bxg2 27. Kxg2 Qg6 28. Kh2 Ne7 29. Ne4 Qf5 30. Rg1 Qf4+ 31. Ng3 Nf5 32. Qd1 Nh4 33. Kh1 Nf3 0-1

[Event "Olympiad Women-43"]
[Site "Batumi"]
[Date "2018.10.04"]
[Round "10.2"]
[White "Barbier, Wiebke"]
[Black "Haast, Anne"]
[Result "0-1"]
[WhiteElo "1998"]
[BlackElo "2345"]
[PlyCount "58"]
[EventDate "2018.09.24"]
[EventType "team-swiss"]
[EventRounds "11"]
[EventCountry "GEO"]
[SourceTitle "EXT 2020"]
[Source "ChessBase"]
[SourceDate "2019.10.17"]
[SourceVersion "1"]
[SourceVersionDate "2019.10.17"]
[SourceQuality "1"]
[WhiteTeam "Belgium (W)"]
[BlackTeam "Netherlands (W)"]
[WhiteTeamCountry "BEL"]
[BlackTeamCountry "NED"]

1. e4 c5 2. d3 e6 3. f4 d5 4. Be2 b6 5. Nf3 Bb7 6. Nc3 g6 7. 0-0 Bg7 8. e5 a6 9. d4 Ne7 10. Be3 Nd7 11. g4 Qc7 12. a4 h5 13. h3 hxg4 14. hxg4 cxd4 15. Nxd4 g5 16. Ndb5 axb5 17. Nxb5 Qb8 18. Nd6+ Kf8 19. Bb5 Bc6 20. Qf3 Bxb5 21. Nxb5 Ng6 22. b3 gxf4 23. Bxf4 Ndxe5 24. Qg3 Nxf4 25. Rxf4 Ng6 26. Rxf7+ Kxf7 27. Rf1+ Kg8 28. Nc7 Bd4+ 29. Kg2 Nh4+ 0-1

[Event "Olympiad Women-43"]
[Site "Batumi"]
[Date "2018.10.01"]
[Round "7.41"]
[White "Cruz Lima, Kimberly Esmeralda"]
[Black "Barbier, Wiebke"]
[Result "0-1"]
[WhiteElo "1626"]
[BlackElo "1998"]
[PlyCount "48"]
[EventDate "2018.09.24"]
[EventType "team-swiss"]
[EventRounds "11"]
[EventCountry "GEO"]
[SourceTitle "EXT 2020"]
[Source "ChessBase"]
[SourceDate "2019.10.17"]
[SourceVersion "1"]
[SourceVersionDate "2019.10.17"]
[SourceQuality "1"]
[WhiteTeam "Guatemala (W)"]
[BlackTeam "Belgium (W)"]
[WhiteTeamCountry "GUA"]
[BlackTeamCountry "BEL"]

1. b3 Nf6 2. Bb2 d5 3. e3 e6 4. c4 c5 5. Nf3 Nc6 6. cxd5 exd5 7. d4 Bg4 8. Be2 cxd4 9. Nxd4 Bb4+ 10. Kf1 Bxe2+ 11. Nxe2 0-0 12. a3 Ba5 13. g3 Re8 14. Kg2 Rc8 15. Nbc3 Qd7 16. Rc1 a6 17. b4 Bc7 18. Nb1 Ne5 19. Nd2 Nd3 20. Rc2 Ng4 21. Rf1 Ndxf2 22. Qb1 Nxe3+ 23. Kxf2 Nxc2 24. Nf4 Bb6+ 0-1

[Event "Charleroi op"]
[Site "Charleroi"]
[Date "2018.07.31"]
[Round "5"]
[White "Barbier, Wiebke"]
[Black "Geuquet, Michael"]
[Result "0-1"]
[WhiteElo "2031"]
[BlackElo "1912"]
[PlyCount "102"]
[EventDate "2018.07.28"]
[EventType "swiss"]
[EventRounds "9"]
[EventCountry "BEL"]
[SourceTitle "CBM 185 Extra"]
[Source "ChessBase"]
[SourceDate "2018.07.29"]
[SourceVersion "1"]
[SourceVersionDate "2018.07.29"]
[SourceQuality "1"]

1. e4 c5 2. Be2 Nc6 3. d3 g6 4. c3 Bg7 5. f4 e6 6. Nf3 Nge7 7. 0-0 0-0 8. Qe1 f5 9. e5 d6 10. d4 cxd4 11. cxd4 Qb6 12. Qf2 Nb4 13. Na3 d5 14. Bd2 Bd7 15. Bc3 a6 16. h4 Rac8 17. h5 gxh5 18. Qg3 Ng6 19. Nh4 Nxh4 20. Qxh4 Nc6 21. Nc2 Be8 22. Bxh5 Bxh5 23. Qxh5 a5 24. a3 Qb5 25. Rad1 Qa4 26. Ne1 Ne7 27. Nf3 h6 28. Qh4 Ng6 29. Qg3 Kf7 30. Qh2 Rg8 31. Qh5 Bf8 32. Nh4 Be7 33. Nxf5 exf5 34. Qxf5+ Kg7 35. Qe6 Rc6 36. Qxd5 Nh4 37. Rd3 Kh8 38. Rf2 Rcg6 39. Rdd2 Rg3 40. Qxb7 Qe8 41. Kf1 Nf5 42. Rde2 Qh5 43. Ke1 Rd3 44. Bd2 Qh1+ 45. Rf1 Bh4+ 46. Ref2 Bxf2+ 47. Kxf2 Rxd2+ 48. Ke1 Qxg2 49. Qxg2 Rgxg2 50. Rg1 Rge2+ 51. Kf1 Ne3# 0-1

[Event "Charleroi op"]
[Site "Charleroi"]
[Date "2018.07.30"]
[Round "3"]
[White "Barbier, Wiebke"]
[Black "Wiley, Tom E"]
[Result "1/2-1/2"]
[WhiteElo "2031"]
[BlackElo "2207"]
[PlyCount "98"]
[EventDate "2018.07.28"]
[EventType "swiss"]
[EventRounds "9"]
[EventCountry "BEL"]
[SourceTitle "CBM 185 Extra"]
[Source "ChessBase"]
[SourceDate "2018.07.29"]
[SourceVersion "1"]
[SourceVersionDate "2018.07.29"]
[SourceQuality "1"]

1. e4 c6 2. d3 d5 3. Nd2 e5 4. Ngf3 Bd6 5. Be2 Nf6 6. c3 0-0 7. Qc2 Re8 8. 0-0 Nbd7 9. Re1 Bf8 10. Nf1 a5 11. a4 b6 12. Ng3 g6 13. Bf1 Bb7 14. Bg5 h6 15. Bd2 Bg7 16. Rad1 Qc7 17. Qc1 h5 18. Nh4 Nc5 19. Qc2 Ne6 20. Nf3 Rad8 21. Ng5 h4 22. Nxe6 Rxe6 23. Nh1 Nh7 24. c4 d4 25. c5 Bf8 26. b4 axb4 27. Bxb4 bxc5 28. Bxc5 Bxc5 29. Qxc5 Ra8 30. Ra1 Ra5 31. Qc2 c5 32. Ra3 Rea6 33. Rea1 Bc6 34. Be2 Nf6 35. Bd1 Qa7 36. h3 Nd7 37. f3 Kg7 38. Nf2 f6 39. Qd2 Nf8 40. Bb3 Rb6 41. Nd1 Rb4 42. Nb2 g5 43. Nc4 Ra6 44. a5 Bd7 45. Kh2 Be6 46. Qc2 Ng6 47. Nd2 Nf4 48. Bc4 Bxc4 49. Nxc4 Ne6 1/2-1/2

[Event "Charleroi op"]
[Site "Charleroi"]
[Date "2018.07.29"]
[Round "2"]
[White "Henris, Luc"]
[Black "Barbier, Wiebke"]
[Result "1/2-1/2"]
[WhiteElo "2204"]
[BlackElo "2031"]
[PlyCount "133"]
[EventDate "2018.07.28"]
[EventType "swiss"]
[EventRounds "9"]
[EventCountry "BEL"]
[SourceTitle "CBM 185 Extra"]
[Source "ChessBase"]
[SourceDate "2018.07.29"]
[SourceVersion "1"]
[SourceVersionDate "2018.07.29"]
[SourceQuality "1"]

1. e4 d6 2. d4 Nf6 3. Nc3 e5 4. Nf3 Nbd7 5. Bc4 Be7 6. Ng5 0-0 7. Bxf7+ Rxf7 8. Ne6 Qe8 9. Nxc7 Qd8 10. Nxa8 exd4 11. Qxd4 Ng4 12. 0-0 Bf6 13. Qxa7 Be5 14. g3 Nc5 15. Qb6 Qf6 16. Nd5 Qf3 17. Be3 Nxe4 18. Qd8+ Rf8 19. Qh4 h6 20. Ne7+ Kh7 21. Rae1 Bf6 22. Qh5 Bxe7 23. Qd5 Rf5 24. Qc4 Ngxf2 25. Qxe4 Qxe4 26. Bxf2 Qa4 27. Nb6 Qc6 28. Nxc8 Qxc8 29. Rxe7 Qxc2 30. Rxb7 Qe2 31. Rb3 d5 32. Re3 Qxb2 33. Ree1 Qxa2 34. Rd1 Qe2 35. Rde1 Qg4 36. Rd1 h5 37. Rd3 Qe2 38. Re3 Qd2 39. Ree1 Qc2 40. Rc1 Qe2 41. Rce1 Qg4 42. Rd1 Qg6 43. Rfe1 h4 44. Rd4 h3 45. Red1 Qf7 46. R1d2 g5 47. Rb2 Qc7 48. Rd1 Qc3 49. Bd4 Qf3 50. Ra1 Rf7 51. Rf2 Qe4 52. Rxf7+ Kg6 53. Rf2 Qxd4 54. Re1 Qb6 55. Rd1 d4 56. Kf1 Qe6 57. Rxd4 Qa6+ 58. Ke1 Qa1+ 59. Rd1 Qc3+ 60. Kf1 Qc6 61. Rd3 Qc1+ 62. Ke2 Qc2+ 63. Ke3 Qc5+ 64. Rd4 Qc3+ 65. Rd3 Qc5+ 66. Ke2 Qc2+ 67. Ke3 1/2-1/2

[Event "EU-chT (Women) 21st"]
[Site "Heraklion"]
[Date "2017.11.01"]
[Round "5.3"]
[White "Koljevic, Nikolina"]
[Black "Barbier, Wiebke"]
[Result "0-1"]
[WhiteElo "1837"]
[BlackElo "2013"]
[PlyCount "64"]
[EventDate "2017.10.28"]
[EventType "team-swiss"]
[EventRounds "9"]
[EventCountry "GRE"]
[SourceTitle "CBM 181 Extra"]
[Source "ChessBase"]
[SourceDate "2017.12.12"]
[SourceVersion "1"]
[SourceVersionDate "2017.12.12"]
[SourceQuality "1"]
[WhiteTeam "Montenegro (W)"]
[BlackTeam "Belgium (W)"]
[WhiteTeamCountry "MNE"]
[BlackTeamCountry "BEL"]

1. e4 d6 2. d4 Nf6 3. Nc3 e5 4. Nf3 Nbd7 5. Bc4 Be7 6. 0-0 0-0 7. h3 c6 8. a4 a5 9. Ba2 Qc7 10. Bg5 Re8 11. Re1 Nf8 12. Qd3 Ng6 13. Qc4 Rf8 14. Rad1 h6 15. Bc1 Qb8 16. Qd3 Bd7 17. Nh2 Qc7 18. Qg3 Kh7 19. Qf3 Be6 20. d5 cxd5 21. exd5 Bd7 22. Ng4 Nh4 23. Qe2 Bf5 24. Nxf6+ Bxf6 25. Ne4 Be7 26. Bb3 Bg6 27. c3 f5 28. Ng3 f4 29. Nf1 f3 30. gxf3 Nxf3+ 31. Kg2 Bh4 32. Be3 Be4 0-1

[Event "BEL-ch op"]
[Site "Niel"]
[Date "2017.07.09"]
[Round "9"]
[White "Barbier, Wiebke"]
[Black "Boons, Bert"]
[Result "1-0"]
[WhiteElo "1989"]
[BlackElo "1968"]
[PlyCount "36"]
[EventDate "2017.07.01"]
[EventType "swiss"]
[EventRounds "9"]
[EventCountry "BEL"]
[SourceTitle "EXT 2018"]
[Source "ChessBase"]
[SourceDate "2017.10.13"]
[SourceVersion "1"]
[SourceVersionDate "2017.10.13"]
[SourceQuality "1"]

1. e4 d6 2. Be2 Nf6 3. d3 e5 4. Nf3 Be7 5. 0-0 Nbd7 6. c3 c6 7. Nbd2 h6 8. Qc2 Nf8 9. d4 Qc7 10. Nc4 Ng6 11. Re1 0-0 12. h3 Re8 13. Ne3 Bf8 14. dxe5 dxe5 15. a4 a5 16. Bc4 Nf4 17. Kh2 g6 18. Nf1 Be6 1-0

[Event "BEL-ch op"]
[Site "Niel"]
[Date "2017.07.07"]
[Round "7"]
[White "Barbier, Wiebke"]
[Black "Akulov, Lev"]
[Result "1-0"]
[WhiteElo "1989"]
[BlackElo "1719"]
[PlyCount "101"]
[EventDate "2017.07.01"]
[EventType "swiss"]
[EventRounds "9"]
[EventCountry "BEL"]
[SourceTitle "EXT 2018"]
[Source "ChessBase"]
[SourceDate "2017.10.13"]
[SourceVersion "1"]
[SourceVersionDate "2017.10.13"]
[SourceQuality "1"]

1. e4 c5 2. Be2 Nc6 3. d3 g6 4. f4 Bg7 5. Nf3 d6 6. 0-0 e6 7. c3 Nge7 8. Qe1 a6 9. Na3 b5 10. Nc2 d5 11. Qf2 dxe4 12. dxe4 c4 13. e5 Nd5 14. a4 Bd7 15. axb5 axb5 16. Rxa8 Qxa8 17. Ncd4 Nxd4 18. Nxd4 0-0 19. Bf3 Rd8 20. Be4 Be8 21. Qf3 Qa7 22. Kh1 b4 23. f5 gxf5 24. Nxf5 exf5 25. Bxd5 Qc5 26. Rd1 Kf8 27. Be3 Qb5 28. cxb4 Bxe5 29. Bc5+ Bd6 30. Bxc4 Qxc4 31. Bxd6+ Rxd6 32. Rxd6 Qxb4 33. Rd1 Qxb2 34. Qxf5 Qg7 35. h3 Qg6 36. Qc5+ Kg7 37. Rd8 Qe4 38. Qg5+ Kf8 39. h4 Qe7 40. Qh6+ Kg8 41. Rd3 f6 42. Rg3+ Kh8 43. Re3 Qf7 44. Qf4 Bd7 45. Qd6 Ba4 46. Qd8+ Qg8 47. Qxf6+ Qg7 48. Qf4 Bc6 49. Rg3 Qa1+ 50. Kh2 h6 51. Qxh6# 1-0

[Event "BEL-ch op"]
[Site "Niel"]
[Date "2017.07.04"]
[Round "4"]
[White "De Strycker, Nathan"]
[Black "Barbier, Wiebke"]
[Result "1-0"]
[WhiteElo "2198"]
[BlackElo "1989"]
[PlyCount "117"]
[EventDate "2017.07.01"]
[EventType "swiss"]
[EventRounds "9"]
[EventCountry "BEL"]
[SourceTitle "EXT 2018"]
[Source "ChessBase"]
[SourceDate "2017.10.13"]
[SourceVersion "1"]
[SourceVersionDate "2017.10.13"]
[SourceQuality "1"]

1. d4 d6 2. Nf3 Nf6 3. c4 Nbd7 4. Nc3 e5 5. e4 Be7 6. Be2 0-0 7. 0-0 c6 8. Qc2 Re8 9. Rd1 Qc7 10. h3 Bf8 11. d5 g6 12. Be3 Nh5 13. b4 Ng7 14. Nd2 f5 15. f3 f4 16. Bf2 g5 17. Nb3 Nf6 18. c5 dxc5 19. dxc6 bxc6 20. Nxc5 h5 21. N3a4 g4 22. Bh4 Qf7 23. Bc4 Ne6 24. Qc3 Kh7 25. Qxe5 Ng8 26. Nxe6 Bxe6 27. Bxe6 Rxe6 28. Qf5+ Qg6 29. Rd7+ Kh8 30. hxg4 hxg4 31. fxg4 Nh6 32. Qxg6 Rxg6 33. g5 Ng4 34. Rf1 Bxb4 35. Rxf4 Ne5 36. Rb7 a5 37. Rf5 Re8 38. Bg3 Rge6 39. Bf2 Kg8 40. Bd4 Bd2 41. Nc5 Rg6 42. Bxe5 Be3+ 43. Kf1 Bxc5 44. Bf6 Bb4 45. Rf4 Rf8 46. Rh4 Rfxf6+ 47. gxf6 Rxf6+ 48. Ke2 Rf7 49. Rh8+ Kg7 50. Rh7+ Kxh7 51. Rxf7+ Kg6 52. Rf5 Kg7 53. Kd3 Kg6 54. Kc4 Kg7 55. g4 Kg6 56. e5 Be7 57. e6 a4 58. Rf7 Bg5 59. Rc7 1-0

[Event "Olympiad Women-42"]
[Site "Baku"]
[Date "2016.09.11"]
[Round "9.3"]
[White "Barbier, Wiebke"]
[Black "Jorquera Cabello, Valentina Paz"]
[Result "1/2-1/2"]
[WhiteElo "2008"]
[BlackElo "2019"]
[PlyCount "70"]
[EventDate "2016.09.02"]
[EventType "team-swiss"]
[EventRounds "11"]
[EventCountry "AZE"]
[SourceTitle "CBM 174 Extra"]
[Source "ChessBase"]
[SourceDate "2016.10.10"]
[SourceVersion "1"]
[SourceVersionDate "2016.10.10"]
[SourceQuality "1"]
[WhiteTeam "Belgium (W)"]
[BlackTeam "Chile (W)"]
[WhiteTeamCountry "BEL"]
[BlackTeamCountry "CHI"]

1. e4 c5 2. Be2 Nc6 3. d3 d5 4. Nd2 Nf6 5. Ngf3 e6 6. 0-0 Be7 7. c3 c4 8. exd5 cxd3 9. Bxd3 Qxd5 10. Qc2 Qh5 11. Ne4 Nxe4 12. Bxe4 Bd7 13. Bf4 g5 14. Be3 f5 15. Bxc6 Bxc6 16. Ne5 Bd6 17. Bd4 Rg8 18. Rfe1 Rg6 19. Qe2 g4 20. Qe3 Rh6 21. Qg3 0-0-0 22. Be3 Bxe5 23. Qxe5 g3 24. h3 gxf2+ 25. Bxf2 Rg8 26. Bg3 Rxg3 27. Qxg3 Rg6 28. Qe3 Rxg2+ 29. Kf1 Rg6 30. Re2 f4 31. Qxf4 Rg8 32. Qe3 Bd5 33. Rd1 Bc4 34. Rdd2 Qf5+ 35. Ke1 Bxe2 1/2-1/2

[Event "Olympiad Women-42"]
[Site "Baku"]
[Date "2016.09.06"]
[Round "5.3"]
[White "Barbier, Wiebke"]
[Black "Rinne, Heini"]
[Result "1/2-1/2"]
[WhiteElo "2008"]
[BlackElo "1751"]
[PlyCount "60"]
[EventDate "2016.09.02"]
[EventType "team-swiss"]
[EventRounds "11"]
[EventCountry "AZE"]
[SourceTitle "CBM 174 Extra"]
[Source "ChessBase"]
[SourceDate "2016.10.10"]
[SourceVersion "1"]
[SourceVersionDate "2016.10.10"]
[SourceQuality "1"]
[WhiteTeam "Belgium (W)"]
[BlackTeam "Finland (W)"]
[WhiteTeamCountry "BEL"]
[BlackTeamCountry "FIN"]

1. e4 c6 2. d3 d5 3. Nd2 g6 4. Ngf3 Bg7 5. a4 e5 6. a5 Ne7 7. Be2 0-0 8. 0-0 f5 9. c3 h6 10. b3 Nd7 11. Ba3 Rf7 12. Bd6 g5 13. h3 Ng6 14. exf5 Rxf5 15. Nh2 Ndf8 16. Ba3 Nf4 17. Bg4 Rf7 18. Ndf3 Bf5 19. Bxf5 Rxf5 20. Re1 e4 21. dxe4 dxe4 22. Nd4 Rd5 23. b4 Bxd4 24. cxd4 Rxd4 25. Qb3+ Qd5 26. Qxd5+ cxd5 27. Ng4 Kh7 28. Rad1 Rxd1 29. Rxd1 Rd8 30. Nf6+ Kg6 1/2-1/2

[Event "EU-chT (Women) 20th"]
[Site "Reykjavik"]
[Date "2015.11.20"]
[Round "7.3"]
[White "Barbier, Wiebke"]
[Black "Stolberg Rohr, Thomine"]
[Result "1/2-1/2"]
[WhiteElo "1980"]
[BlackElo "1985"]
[PlyCount "93"]
[EventDate "2015.11.13"]
[EventType "team-swiss"]
[EventRounds "9"]
[EventCountry "ISL"]
[SourceTitle "CBM 169 Extra"]
[Source "ChessBase"]
[SourceDate "2015.12.18"]
[SourceVersion "1"]
[SourceVersionDate "2015.12.18"]
[SourceQuality "1"]
[WhiteTeam "Belgium (W)"]
[BlackTeam "Denmark (W)"]
[WhiteTeamCountry "BEL"]
[BlackTeamCountry "DEN"]

1. e4 e5 2. Nf3 Nc6 3. d3 Nf6 4. Be2 d5 5. Nbd2 Bc5 6. 0-0 0-0 7. c3 a5 8. b3 Qe7 9. Bb2 Ba7 10. a3 Rd8 11. Qc2 Bg4 12. Rfe1 Qc5 13. Rf1 h6 14. exd5 Nxd5 15. Ne4 Qe7 16. Bc1 f5 17. Ng3 Nf4 18. Kh1 Qf6 19. b4 axb4 20. axb4 Bb6 21. Rxa8 Rxa8 22. b5 Nd8 23. c4 Nde6 24. Be3 Nxe2 25. Qxe2 Nd4 26. Bxd4 Bxd4 27. h3 Bxf3 28. Qxf3 Ra2 29. Nxf5 Bb6 30. g4 Rd2 31. Kg2 Qd8 32. Qe4 Qxd3 33. Qxe5 Qd7 34. c5 Ba5 35. c6 bxc6 36. bxc6 Qxc6+ 37. Kg1 Qc3 38. Nxh6+ gxh6 39. Qe6+ Kg7 40. Qe7+ Kg6 41. Qe8+ Kg7 42. Qe7+ Kg8 43. Qe8+ Kg7 44. Re1 Bb4 45. Re6 Rd1+ 46. Kg2 Qd3 47. Re7+ 1/2-1/2

[Event "EU-chT (Women) 20th"]
[Site "Reykjavik"]
[Date "2015.11.17"]
[Round "5.3"]
[White "Barbier, Wiebke"]
[Black "Turunen, Tiina"]
[Result "1-0"]
[WhiteElo "1980"]
[BlackElo "1764"]
[PlyCount "71"]
[EventDate "2015.11.13"]
[EventType "team-swiss"]
[EventRounds "9"]
[EventCountry "ISL"]
[SourceTitle "CBM 169 Extra"]
[Source "ChessBase"]
[SourceDate "2015.12.18"]
[SourceVersion "1"]
[SourceVersionDate "2015.12.18"]
[SourceQuality "1"]
[WhiteTeam "Belgium (W)"]
[BlackTeam "Finland (W)"]
[WhiteTeamCountry "BEL"]
[BlackTeamCountry "FIN"]

1. e4 c6 2. d3 d5 3. Nd2 d4 4. Ngf3 c5 5. c3 Nc6 6. Be2 e5 7. Nf1 g6 8. Ng3 Bg7 9. 0-0 Nge7 10. Bd2 0-0 11. c4 h6 12. Qc1 g5 13. a3 a5 14. h3 Ng6 15. Re1 Bf6 16. Rb1 Be7 17. Nh2 Nf4 18. Qd1 Kh7 19. Bf1 Rg8 20. Qf3 Be6 21. Nf5 Bf8 22. g3 Ng6 23. Bg2 f6 24. Kh1 Rc8 25. Ng4 Bg7 26. Kh2 Rc7 27. Rh1 Rf7 28. Kg1 Bxf5 29. exf5 Nge7 30. h4 Nc8 31. hxg5 fxg5 32. f6 Bf8 33. Qf5+ Rg6 34. Be4 N8e7 35. fxe7 Rxf5 36. exd8Q 1-0

[Event "Olympiad Women-41"]
[Site "Tromsoe"]
[Date "2014.08.11"]
[Round "9.3"]
[White "Nikolovska, Dragana"]
[Black "Barbier, Wiebke"]
[Result "1/2-1/2"]
[WhiteElo "1893"]
[BlackElo "1944"]
[PlyCount "123"]
[EventDate "2014.08.02"]
[EventType "team-swiss"]
[EventRounds "11"]
[EventCountry "NOR"]
[SourceTitle "CBM 162"]
[Source "ChessBase"]
[SourceDate "2014.09.17"]
[SourceVersion "1"]
[SourceVersionDate "2014.09.17"]
[SourceQuality "1"]
[WhiteTeam "Macedonia (W)"]
[BlackTeam "Belgium (W)"]
[WhiteTeamCountry "MKD"]
[BlackTeamCountry "BEL"]

1. e4 d6 2. d4 Nf6 3. Nc3 e5 4. Nf3 Nbd7 5. g4 Nxg4 6. Rg1 Ngf6 7. Bc4 exd4 8. Qxd4 c6 9. Bf4 Qb6 10. 0-0-0 Qxd4 11. Rxd4 Nb6 12. Bb3 Be6 13. Bxe6 fxe6 14. Bxd6 Bxd6 15. Rxd6 Ke7 16. e5 Ne8 17. Rd3 Rf8 18. Rgd1 Nc7 19. Ne4 Rf4 20. Nc5 Ncd5 21. a3 Nc4 22. b3 Nxa3 23. Kb2 b6 24. Na6 Raf8 25. Ne1 Nb5 26. c4 Rxf2+ 27. R1d2 Rxd2+ 28. Rxd2 Nbc7 29. cxd5 Nxa6 30. dxc6 Rd8 31. Rg2 g6 32. Nf3 Rc8 33. Ng5 h6 34. Ne4 g5 35. h4 Rg8 36. hxg5 hxg5 37. Rxg5 Rxg5 38. Nxg5 Nb4 39. c7 Kd7 40. Nxe6 Nc6 41. Nf8+ Kxc7 42. e6 Kd6 43. Kc3 b5 44. b4 Ke7 45. Nd7 Kxe6 46. Nc5+ Kd5 47. Nb3 a6 48. Nd2 Nd4 49. Kd3 Ne6 50. Kc3 Nf4 51. Nb3 Ne2+ 52. Kd3 Nf4+ 53. Kc3 Ne6 54. Kd3 Kc6 55. Na5+ Kb6 56. Kc3 Nd8 57. Nb3 Nc6 58. Nd2 Nxb4 59. Kxb4 a5+ 60. Kc3 a4 61. Kb4 Kc6 62. Nb1 1/2-1/2